Japan all time starting xi - Statistics

General Stats
  • This quiz has been taken 59 times
    14 since last reset
  • The average score is 4 of 11
Answer Stats
Hint Answer % Correct
FW(2008-2018 Keisuke Honda
82%
MF(1997-2006 Hidetoshi Nakata
73%
MF(2008-2019 Shinji Kagawa
73%
DF(2010-2022 Maya Yoshida
45%
FW(1990-2000 Kazuyoshi Miura
36%
MF(2002-2015 Yasuhito Endõ
36%
DF(2006-2018 Makoto Hasebe
27%
DF(2008-2022 Yuto Nagatomo
27%
FW(1964-1977 Kunishige Kamamoto
9%
GK(1997-2010 Yoshikatsu Kawaguchi
9%
DF(1999-2010 Yuji Nakazawa
9%
No matching quizzes found
Score Distribution
Percent of People with Each Score
Percentile by Number Answered
Your Score History
You have not taken this quiz since the last reset